Combustion engine processes (Record no. 20638)

000 -LEADER
fixed length control field 00567nam a22002051 4500
001 - CONTROL NUMBER
control field 20638
003 - CONTROL NUMBER IDENTIFIER
control field BD-DhUET
008 - FIXED-LENGTH DATA ELEMENTS--GENERAL INFORMATION
fixed length control field 780509s1967 nyua b 001 0 eng
040 ## - CATALOGING SOURCE
Original cataloging agency DLC
Transcribing agency LDC
Modifying agency BD-DhUET
082 00 - DEWEY DECIMAL CLASSIFICATION NUMBER
Classification number 621.43
Item number LIC/1967
100 ## - MAIN ENTRY--PERSONAL NAME
Personal name Lichty, Lester C.
245 10 - TITLE STATEMENT
Title Combustion engine processes
250 ## - EDITION STATEMENT
Edition statement 1st ed.
260 ## - PUBLICATION, DISTRIBUTION, ETC. (IMPRINT)
Place of publication, distribution, etc. New York
Name of publisher, distributor, etc. McGraw-Hill
Date of publication, distribution, etc. 1967
300 ## - PHYSICAL DESCRIPTION
Extent ix, 654p.
Other physical details illus
Dimensions 23 cm.
490 0# - SERIES STATEMENT
Series statement McGraw-Hill series in mechanical engineering
504 ## - BIBLIOGRAPHY, ETC. NOTE
Bibliography, etc Includes bibliographies
650 #0 - SUBJECT ADDED ENTRY--TOPICAL TERM
Topical term or geographic name as entry element Internal combustion engines
942 ## - ADDED ENTRY ELEMENTS (KOHA)
Koha item type General Book
Holdings
Koha normalized classification for sorting Damaged status Price effective from Copy number Lost status Shelving location Koha date last seen Location (home branch) Withdrawn status Piece designation (barcode) Source of classification or shelving scheme Date acquired Sublocation or collection (holding branch) Koha full call number Koha item type Not for loan
621_430000000000000_LIC_1967 2015-04-121 Circulation section2017-04-26Central Library, BUET 15520 2015-04-12Central Library, BUET621.43/LIC/1967General Book 
621_430000000000000_LIC_1967 2015-04-132 Circulation section2015-04-13Central Library, BUET 15521 2015-04-13Central Library, BUET621.43/LIC/1967General Book 
621_430000000000000_LIC_1967 2015-04-133 Circulation section2015-04-13Central Library, BUET 43564 2015-04-13Central Library, BUET621.43/LIC/1967General Book 
621_430000000000000_LIC_1967 2015-04-134 Circulation section2015-04-13Central Library, BUET 25971 2015-04-13Central Library, BUET621.43/LIC/1967General Book 
621_430000000000000_LIC_1967 2015-04-135 Circulation section2015-04-13Central Library, BUET 24519 2015-04-13Central Library, BUET621.43/LIC/1967General Book 
621_430000000000000_LIC_1967 2015-04-136 Circulation section2015-04-13Central Library, BUET 20396 2015-04-13Central Library, BUET621.43/LIC/1967General Book